Power system analysis (Record no. 1347)

000 -LEADER
fixed length control field 00590nam a2200229 a 4500
001 - CONTROL NUMBER
control field 1347
003 - CONTROL NUMBER IDENTIFIER
control field BD-DhUET
008 - FIXED-LENGTH DATA ELEMENTS--GENERAL INFORMATION
fixed length control field 931008s1994 nyua 001 0 eng
020 ## - INTERNATIONAL STANDARD BOOK NUMBER
International Standard Book Number 0070585156
020 ## - INTERNATIONAL STANDARD BOOK NUMBER
International Standard Book Number 0071133380
040 ## - CATALOGING SOURCE
Original cataloging agency DLC
Transcribing agency DLC
Modifying agency BD-DhUET
082 00 - DEWEY DECIMAL CLASSIFICATION NUMBER
Classification number 623.19
Item number GRA/1994
100 1# - MAIN ENTRY--PERSONAL NAME
Personal name Grainger, John J.
245 10 - TITLE STATEMENT
Title Power system analysis
250 ## - EDITION STATEMENT
Edition statement 1st ed.
260 ## - PUBLICATION, DISTRIBUTION, ETC. (IMPRINT)
Place of publication, distribution, etc. New York
Name of publisher, distributor, etc. McGraw-Hill
Date of publication, distribution, etc. 1994
300 ## - PHYSICAL DESCRIPTION
Extent xix, 787 p.
Other physical details ill.
504 ## - BIBLIOGRAPHY, ETC. NOTE
Bibliography, etc Includes bibliographies
650 #0 - SUBJECT ADDED ENTRY--TOPICAL TERM
Topical term or geographic name as entry element Electric power systems-Management
700 1# - ADDED ENTRY--PERSONAL NAME
Personal name Stevenson, William D.
942 ## - ADDED ENTRY ELEMENTS (KOHA)
Koha item type General Book
Holdings
Withdrawn status Shelving location Koha out on loan Koha date last seen Price effective from Copy number Sublocation or collection (holding branch) Not for loan Piece designation (barcode) Koha item type Koha normalized classification for sorting Koha issues (times borrowed) Koha renewals Location (home branch) Lost status Source of classification or shelving scheme Koha full call number Koha date last borrowed Damaged status Date acquired
 Circulation section 2024-06-012014-09-031Central Library, BUET 103960General Book623_000000000000000_19GRA19945 Central Library, BUET  623.19/GRA/19942024-03-04 2014-09-03
 Circulation section 2020-01-142014-09-032Central Library, BUET 103961General Book623_000000000000000_19GRA19941 Central Library, BUET  623.19/GRA/19942019-05-06 2014-09-03
 Circulation section 2025-11-032014-09-033Central Library, BUET 103962General Book623_000000000000000_19GRA199431Central Library, BUET  623.19/GRA/19942025-07-13 2014-09-03
 Circulation section 2025-04-222014-09-034Central Library, BUET 103963General Book623_000000000000000_19GRA19941 Central Library, BUET  623.19/GRA/19942019-10-21 2014-09-03
 Circulation section2023-12-112023-11-272014-09-035Central Library, BUET 103964General Book623_000000000000000_19GRA19941 Central Library, BUET  623.19/GRA/19942023-11-27 2014-09-03
 Circulation section 2016-01-262014-09-036Central Library, BUET 103965General Book623_000000000000000_19GRA1994  Central Library, BUET  623.19/GRA/1994  2014-09-03
 Circulation section 2021-12-132014-09-037Central Library, BUET 103966General Book623_000000000000000_19GRA199412Central Library, BUET  623.19/GRA/19942021-02-13 2014-09-03
 Circulation section2023-02-062022-02-062014-09-038Central Library, BUET 103967General Book623_000000000000000_19GRA19942 Central Library, BUET  623.19/GRA/19942022-02-06 2014-09-03
 Circulation section2025-05-172025-05-032014-09-039Central Library, BUET 103968General Book623_000000000000000_19GRA19945 Central Library, BUET  623.19/GRA/19942025-05-03 2014-09-03
 Reading section 2015-06-212015-06-2110Central Library, BUET 89529Reading Item623_190000000000000_GRA_1994  Central Library, BUET  623.19/GRA/1994  2015-06-21
 Reading section 2015-06-212015-06-2111Central Library, BUET 91138Reading Item623_190000000000000_GRA_1994  Central Library, BUET  623.19/GRA/1994  2015-06-21
 Reading section 2015-07-022015-07-0212Central Library, BUET 90777Reading Item623_190000000000000_GRA_1994  Central Library, BUET  623.19/GRA/1994  2015-07-02